Quality Value Banking Effective Management Systems That Increase Earnings, Lower Costs, and Provide Competitive Customer Service

Gespeichert in:
Bibliographische Detailangaben
1. Verfasser: Gray, Janet L.
Weitere Verfasser: Harvey, Thomas W.
Format: Buch
Sprache:Englisch
Veröffentlicht: New York Wiley & Sons 1992
Ausgabe:1. ed.
Schlagworte:
Tags: Tag hinzufügen
Keine Tags, Fügen Sie das erste Tag hinzu!

MARC

LEADER 00000nam a2200000 4500
001 c016845
005 20221206083525.9
020 |a 0-471-55009-4 
041 0 |a eng 
044 |a US 
245 1 0 |a Quality Value Banking  |b Effective Management Systems That Increase Earnings, Lower Costs, and Provide Competitive Customer Service  |c Janet L. Gray, Thomas W. Harvey 
250 |a 1. ed. 
264 1 |a New York  |b Wiley & Sons  |c 1992 
300 |a 232 s. 
610 2 0 |a riadenie kvality 
610 2 0 |a manažment 
610 2 0 |a banky 
610 2 0 |a služby bankové 
610 2 0 |a kontrola kvality 
610 2 0 |a kontrola banková 
610 2 0 |a hodnota 
610 2 0 |a náklady 
610 2 0 |a znižovanie nákladov 
610 2 0 |a výnosy 
100 1 |a Gray, Janet L. 
700 1 |a Harvey, Thomas W.